TEXT BOOK OF PRECLINICAL CONSERVATIVE DENTISTRY (Record no. 4621)

MARC details
000 -LEADER
fixed length control field 00407nam a2200145Ia 4500
008 - FIXED-LENGTH DATA ELEMENTS--GENERAL INFORMATION
fixed length control field 150201s2011 xx 000 0 und d
082 ## - DEWEY DECIMAL CLASSIFICATION NUMBER
Classification number 617.601
Item number T2011G
100 ## - MAIN ENTRY--PERSONAL NAME
Personal name GARG, NISHA
245 ## - TITLE STATEMENT
Title TEXT BOOK OF PRECLINICAL CONSERVATIVE DENTISTRY
250 ## - EDITION STATEMENT
Edition statement 1ST
260 ## - PUBLICATION, DISTRIBUTION, ETC. (IMPRINT)
Name of publisher, distributor, etc. JAYPEE MEDICAL PUBLISHER
Place of publication, distribution, etc. DELHI
Date of publication, distribution, etc. 2011
300 ## - PHYSICAL DESCRIPTION
Extent 1-314
650 ## - SUBJECT ADDED ENTRY--TOPICAL TERM
Topical term or geographic name as entry element CONSERVATIVE DENTISTRY & ENDODONTICS
942 ## - ADDED ENTRY ELEMENTS (KOHA)
Source of classification or shelving scheme Dewey Decimal Classification
Koha item type Books
Koha issues (borrowed), all copies 14
Holdings
Withdrawn status Lost status Source of classification or shelving scheme Damaged status Not for loan Home library Current library Date acquired Source of acquisition Cost, normal purchase price Serial Enumeration / chronology SGTU Bill Number Total Checkouts Full call number Barcode Date last seen Date last checked out Bill Date Koha item type
    Dewey Decimal Classification     SGT Dental Library SGT Dental Library 05/11/2011 JAYPEE BROTHERS (DELHI) 495.00 1 SGTU 6811 1 617.601 T2011G FD6396 09/10/2024 08/10/2024 23/04/2013 Books
    Dewey Decimal Classification     SGT Dental Library SGT Dental Library 05/11/2011 U.B.S.DELHI 495.00 1 SGTU 6811 11 617.6342 T2011P FD6487 06/04/2022 05/04/2022 05/06/2013 Books
    Dewey Decimal Classification     SGT Dental Library SGT Dental Library 05/11/2011 U.B.S.DELHI 495.00 1 SGTU 6811 8 617.6342 T2011P FD6488 03/12/2024 25/11/2024 05/06/2013 Books
    Dewey Decimal Classification     SGT Dental Library SGT Dental Library 05/11/2011 U.B.S.DELHI 495.00 1 SGTU 6811 1 617.6342 T2011P FD6489 09/08/2024 09/08/2024 05/06/2013 Books
    Dewey Decimal Classification     SGT Dental Library SGT Dental Library 05/11/2011 U.B.S.DELHI 495.00 1 SGTU 6811 11 617.6342 T2011P FD6490 13/08/2024 13/08/2024 05/06/2013 Books